[Event "19th Capablanca Memorial group B"]
[Site "Cienfuegos CUB"]
[Date "1984.06.02"]
[Round "9"]
[White "Pinal Borges, Nelson"]
[Black "Nogueiras Santiago, Jesus"]
[Result "0-1"]
[WhiteElo "2390"]
[BlackElo "2565"]
[EventDate "1984.05.22"]
[PlyCount "87"]

1.e4 e6 2.d4 d5 3.e5 c5 4.c3 Nc6 5.Nf3 Qb6 6.Bd3 cxd4 7.cxd4 Bd7 8.O-O 
Nxd4 9.Nxd4 Qxd4 10.Qe2 Ne7 11.Nc3 Ng6 12.Be3 Qb4 13.a3 Qa5 14.b4 Qd8 15.
f4 Be7 16.Bd4 O-O 17.Qe3 f6 18.Bxa7 fxe5 19.fxe5 Bg5 20.Rxf8+ Kxf8 21.Bc5+
Kg8 22.Qd4 Be7 23.Bb6 Qe8 24.a4 Bxa4 25.b5 Bb3 26.Rb1 Bc4 27.Bxc4 dxc4 28.
Rf1 Bb4 29.Qxc4 Bxc3 30.Qxc3 Qxb5 31.Qc7 Qc6 32.Qf7+ Kh8 33.Bc7 Qc5+ 34.
Kh1 Rf8 35.Qxf8+ Qxf8 36.Rxf8+ Nxf8 37.Kg1 Kg8 38.Kf2 Kf7 39.Ke3 Ng6 40.
Kd4 Nh4 41.Kc5 Nxg2 42.Kb6 Kg6 43.Kxb7 Nf4 44.Kc6 0-1

[Event "19th Capablanca Memorial group B"]
[Site "Cienfuegos CUB"]
[Date "1984.06.04"]
[Round "11"]
[White "Estevez Morales, Guillermo"]
[Black "Hernandez Onna, Roman"]
[Result "1-0"]
[WhiteElo "2395"]
[BlackElo "2445"]
[EventDate "1984.05.22"]
[PlyCount "77"]

1.d4 Nf6 2.Nf3 g6 3.c4 Bg7 4.Nc3 O-O 5.e4 d6 6.Be2 Bg4 7.Be3 Nc6 8.d5 Bxf3
9.Bxf3 Ne5 10.Be2 Ned7 11.f4 e6 12.dxe6 fxe6 13.O-O Qe7 14.g4 c6 15.g5 Ne8
16.Qd2 b6 17.Bf3 Kh8 18.Bg2 a5 19.Rae1 Nc5 20.Ne2 Nc7 21.Nd4 Qd7 22.f5 
Bxd4 23.Bxd4+ e5 24.Bxc5 bxc5 25.Re3 gxf5 26.Rh3 f4 27.g6 Kg8 28.Rxh7 Qd8 
29.Bh3 Rf6 30.Qg2 Ne6 31.Bf5 Rxf5 32.exf5 Nf8 33.Qh3 Qf6 34.Rf7 Qg5+ 35.
Kh1 Rb8 36.Rxf8+ Kxf8 37.Qh8+ Ke7 38.Qxb8 Qxf5 39.Qc7+ 1-0

[Event "19th Capablanca Memorial group B"]
[Site "Cienfuegos CUB"]
[Date "1984.06.04"]
[Round "11"]
[White "Ghinda, Mihail Viorel"]
[Black "Ochoa de Echaguen Estibalez, Francisco Javier"]
[Result "1-0"]
[WhiteElo "2460"]
[BlackElo "2430"]
[EventDate "1984.05.22"]
[PlyCount "113"]

1.e4 c5 2.Nf3 Nc6 3.d4 cxd4 4.Nxd4 Nf6 5.Nc3 e5 6.Ndb5 d6 7.Bg5 a6 8.Na3 
b5 9.Bxf6 gxf6 10.Nd5 Bg7 11.c3 f5 12.exf5 Bxf5 13.Nc2 O-O 14.Nce3 Be6 15.
Bd3 f5 16.Qh5 e4 17.Bc2 Bxd5 18.Nxd5 Ne7 19.Bb3 Kh8 20.Nf4 Qe8 21.Qxe8 
Rfxe8 22.Ne6 Rac8 23.Ng5 Be5 24.Nf7+ Kg7 25.Rd1 Rc6 26.Nxe5 dxe5 27.Rd7 
Kf8 28.Ke2 Rec8 29.Rhd1 h5 30.h4 R8c7 31.Rxc7 Rxc7 32.Rd6 Rc6 33.Rxc6 Nxc6
34.Be6 Ne7 35.b4 Kg7 36.Ke3 Kf6 37.Bb3 f4+ 38.Kxe4 Nf5 39.Bd1 Nxh4 40.Bxh5
Nxg2 41.Bg4 Ne1 42.Bc8 Nc2 43.Bxa6 Na3 44.Kd3 Kf5 45.Bb7 Kf6 46.Bd5 Kf5 
47.f3 Kg5 48.Bc6 Kf6 49.c4 bxc4+ 50.Kc3 Ke6 51.Kb2 Kd6 52.Ba4 e4 53.Kxa3 
Kd5 54.fxe4+ Kd4 55.Kb2 f3 56.Bd1 Kd3 57.Bxf3 1-0

[Event "19th Capablanca Memorial group B"]
[Site "Cienfuegos CUB"]
[Date "1984.06.04"]
[Round "11"]
[White "Lebredo Zarragoitia, Gerardo"]
[Black "Garcia Palermo, Carlos"]
[Result "0-1"]
[WhiteElo "2395"]
[BlackElo "2530"]
[EventDate "1984.05.22"]
[PlyCount "82"]

1.e4 c5 2.Nc3 d6 3.g3 Nc6 4.Bg2 g6 5.d3 Bg7 6.Be3 Rb8 7.f4 b5 8.Qd2 b4 9.
Nd1 Bg4 10.c3 Qa5 11.Nf3 bxc3 12.bxc3 e6 13.O-O Nge7 14.Qe1 O-O 15.Bd2 Qa6
16.Nf2 Bxf3 17.Bxf3 Rb2 18.g4 Rxa2 19.Rxa2 Qxa2 20.g5 Rb8 21.Ng4 Qc2 22.
Nf6+ Kh8 23.Qe3 Rb1 24.Rxb1 Qxb1+ 25.Kf2 Qb2 26.Qe1 e5 27.f5 Bxf6 28.gxf6 
Ng8 29.fxg6 hxg6 30.Ke2 Nxf6 31.Qh4+ Nh7 32.Bg4 Qb7 33.Qf2 Qe7 34.h4 Qf6 
35.Qg3 Nd8 36.h5 Ne6 37.Bxe6 Qxe6 38.Qh4 gxh5 39.Qxh5 d5 40.d4 exd4 41.
cxd4 Qxe4+ 0-1

[Event "19th Capablanca Memorial group B"]
[Site "Cienfuegos CUB"]
[Date "1984.06.04"]
[Round "11"]
[White "Meduna, Eduard"]
[Black "Nogueiras Santiago, Jesus"]
[Result "0-1"]
[WhiteElo "2515"]
[BlackElo "2565"]
[EventDate "1984.05.22"]
[PlyCount "44"]

1.Nf3 d5 2.d4 Nf6 3.c4 dxc4 4.e3 e6 5.Bxc4 c5 6.Nc3 a6 7.O-O b5 8.Bb3 Bb7 
9.Qe2 Nbd7 10.Rd1 Bd6 11.d5 exd5 12.Nxd5 c4 13.Nxf6+ Qxf6 14.Bc2 Ne5 15.
Nd4 O-O 16.Bd2 Bc5 17.a3 a5 18.b4 cxb3 19.Bxb3 Qg6 20.Qf1 Bxd4 21.exd4 
Nf3+ 22.Kh1 Qd6 0-1

[Event "19th Capablanca Memorial group B"]
[Site "Cienfuegos CUB"]
[Date "1984.06.05"]
[Round "12"]
[White "Nogueiras Santiago, Jesus"]
[Black "Estevez Morales, Guillermo"]
[Result "1-0"]
[WhiteElo "2565"]
[BlackElo "2395"]
[EventDate "1984.05.22"]
[PlyCount "49"]

1.c4 c5 2.Nf3 b6 3.Nc3 Bb7 4.e3 Nf6 5.d4 cxd4 6.exd4 e6 7.Bd3 d5 8.O-O 
dxc4 9.Bxc4 Be7 10.Bg5 O-O 11.Qe2 Nc6 12.Rad1 Nb4 13.Rfe1 Rc8 14.d5 Rxc4 
15.Qxc4 Nbxd5 16.Ne5 Qa8 17.Rd3 Re8 18.Nxd5 Bxd5 19.Qh4 Qb7 20.Rh3 Kf8 21.
Bh6 Bd8 22.Bxg7+ Kxg7 23.Qh6+ Kh8 24.Ng4 Rg8 25.Nxf6 1-0

[Event "19th Capablanca Memorial group B"]
[Site "Cienfuegos CUB"]
[Date "1984.06.05"]
[Round "12"]
[White "Tatai, Stefano"]
[Black "Ghinda, Mihail Viorel"]
[Result "1/2-1/2"]
[WhiteElo "2425"]
[BlackElo "2460"]
[EventDate "1984.05.22"]
[PlyCount "26"]

1.c4 g6 2.Nf3 Bg7 3.g3 c5 4.Bg2 Nc6 5.O-O e6 6.Nc3 Nge7 7.d3 O-O 8.Bf4 e5 
9.Bd2 d6 10.Ne1 Be6 11.Nc2 d5 12.cxd5 Nxd5 13.Ne3 Nde7 1/2-1/2